000 00717nam a2200205 a 4500
001 000017228
005 20200929165044.0
008 100319s1999 dr r 000 0 spa d
040 _aDO-SdBNP
_bspa
_cBNPHU
082 _a465
_bG643m
100 1 _aGonzález Tirado, Rafael
_93030
245 1 4 _aLas mayúsculas dominicanas y el modelo ortográfico de Gabriel García Márquez /
_cRafael González Tirado ; edición Gerardo Pochet.
260 _aSanto Domingo :
_bAlfa y Omega,
_c1999.
300 _a38 p. ;
_c21 cm.
490 1 _aCámara de Diputados
504 _aBibliografía : p. 37-38
650 4 _aEspañol
_bORTOGRAFIA
_937881
700 1 _aPochet, Gerardo,
_eed.
_93035
830 0 _aCámara de Diputados
_937882
999 _c16753
_d16753